Animal Crossing - les Villageois Gorilles [avec image] - Statistiques

Statistiques générales
  • Ce quiz a été pris 9 fois
  • Le résultat moyen est 7 sur 12
Statistiques - réponses
Par images Réponse % Correct
Babouin
100%
Gertrude
86%
César
71%
Loran
71%
Gogo
57%
Gustave
57%
Louis
57%
Rilla
57%
Gaëlle
43%
Primo
43%
Jane
29%
Thomas
29%
Aucun quiz correspondant
Distribution des résultats
% des personnes avec chaque résultat
Percentile par nombre de réponses
Votre historique - résultats
Vous n’avez pas pris ce quiz